[Event "IECC KO-3075"]
[Site "IECC email"]
[Date "2010.02.16"]
[Round "?"]
[White "Darcy, Yaz"]
[Black "Gunayan, Resurreccion Jr"]
[Result "1/2-1/2"]
[WhiteElo "1752"]
[BlackElo "1941"]
[PlyCount "27"]
[EventDate "2010.??.??"]
[EventType "match (corr)"]
[EventRounds "2"]
[SourceTitle "Corr 2013"]
[Source "ChessBase"]
[SourceDate "2012.11.12"]
[SourceVersion "1"]
[SourceVersionDate "2012.11.12"]
[SourceQuality "1"]
[WhiteTeam "Poland"]
[BlackTeam "Germany"]
[WhiteTeamCountry "POL"]
[BlackTeamCountry "GER"]

1. d4 Nf6 2. c4 e5 3. dxe5 Ng4 4. Nf3 Bc5 5. e3 Nc6 6. Nc3 0-0 7. Be2 Re8 8. 0-0 Ngxe5 9. Nxe5 Nxe5 10. b3 a5 11. Bb2 Ra6 12. Qd5 Ba7 13. c5 Rh6 14. f4 1/2-1/2

[Event "IECC KO-3054"]
[Site "IECC email"]
[Date "2007.01.05"]
[Round "?"]
[White "Rosenstein, David"]
[Black "Darcy, Yaz"]
[Result "1-0"]
[WhiteElo "1633"]
[BlackElo "1764"]
[PlyCount "113"]
[EventDate "2007.??.??"]
[EventType "match (corr)"]
[EventRounds "2"]
[SourceTitle "Corr 2008"]
[Source "ChessBase"]
[SourceDate "2008.06.24"]
[SourceVersion "1"]
[SourceVersionDate "2008.06.24"]
[SourceQuality "1"]
[WhiteTeam "Israel"]
[BlackTeam "England"]
[WhiteTeamCountry "ISR"]
[BlackTeamCountry "ENG"]

1. e3 g6 2. d4 Bg7 3. Nf3 d6 4. Nc3 Nf6 5. h3 0-0 6. Be2 Nbd7 7. 0-0 e5 8. e4 Re8 9. d5 Nc5 10. Bg5 Bd7 11. b4 Na4 12. Nxa4 Bxa4 13. Qd3 b5 14. c4 a6 15. c5 dxc5 16. bxc5 c6 17. d6 Qd7 18. Bd1 Bxd1 19. Rfxd1 a5 20. Qe3 a4 21. Bxf6 Bxf6 22. Rab1 h5 23. Ne1 Bg7 24. Nd3 Kh7 25. Nb4 Bh6 26. Qe2 Red8 27. a3 Rac8 28. Rd3 Qa7 29. Rc3 Rd7 30. Qa2 Qb7 31. g3 Rf8 32. Nd3 Bg7 33. Rc2 Qc8 34. Kg2 Rdd8 35. Rf1 f5 36. Re2 f4 37. f3 fxg3 38. Kxg3 g5 39. Ref2 Rde8 40. Qd2 Re6 41. Kh2 Rg6 42. Qa5 Bf6 43. Rd1 g4 44. fxg4 hxg4 45. Rf5 gxh3 46. Nf2 Rf7 47. Qd2 Rg2+ 48. Kh1 Qd7 49. Qd3 Kg8 50. Qf3 Bh4 51. Ng4 Rxf5 52. Nh6+ Kf8 53. Nxf5 Rf2 54. Qh5 Bf6 55. Qh6+ Kf7 56. Qh7+ Ke6 57. Nd4+ 1-0

[Event "IECC KO-3051"]
[Site "IECC email"]
[Date "2006.06.14"]
[Round "?"]
[White "Darcy, Yaz"]
[Black "Stilman, Eduardo"]
[Result "1/2-1/2"]
[WhiteElo "1850"]
[BlackElo "1687"]
[PlyCount "67"]
[EventDate "2006.??.??"]
[EventType "match (corr)"]
[EventRounds "2"]
[SourceTitle "Corr 2020"]
[Source "ChessBase"]
[SourceDate "2019.09.30"]
[SourceVersion "1"]
[SourceVersionDate "2019.09.30"]
[SourceQuality "1"]
[WhiteTeam "England"]
[BlackTeam "Uruguay"]
[WhiteTeamCountry "ENG"]
[BlackTeamCountry "URU"]

1. d4 Nf6 2. c4 e6 3. Nf3 b6 4. Nc3 Bb4 5. Bg5 Bb7 6. e3 h6 7. Bh4 Bxc3+ 8. bxc3 d6 9. Nd2 g5 10. Bg3 Nc6 11. f3 h5 12. a4 h4 13. Bf2 Qe7 14. Bd3 0-0-0 15. Nb3 a5 16. Qe2 g4 17. 0-0-0 h3 18. fxg4 hxg2 19. Rhg1 Rdg8 20. Bg3 Nxg4 21. Rxg2 f5 22. c5 dxc5 23. Ba6 cxd4 24. Qc4 Nge5 25. Qb5 Qa3+ 26. Kb1 Bxa6 27. Qxa6+ Kd8 28. Nxd4 Ke7 29. Nxc6+ Nxc6 30. Qc4 Rxg3 31. hxg3 Ne5 32. Qd4 c5 33. Qxe5 Qb3+ 34. Kc1 1/2-1/2

[Event "IECC M-5450"]
[Site "IECC email"]
[Date "2006.03.30"]
[Round "?"]
[White "Pech, Jaroslav Sr"]
[Black "Darcy, Yaz"]
[Result "1-0"]
[WhiteElo "1952"]
[BlackElo "1797"]
[PlyCount "89"]
[EventDate "2006.??.??"]
[EventType "tourn (corr)"]
[EventRounds "10"]
[SourceTitle "Corr 2008"]
[Source "ChessBase"]
[SourceDate "2008.06.24"]
[SourceVersion "1"]
[SourceVersionDate "2008.06.24"]
[SourceQuality "1"]

1. d4 Nf6 2. c4 e6 3. Nc3 Bb4 4. e3 Bxc3+ 5. bxc3 0-0 6. Bd3 d6 7. Ne2 Nbd7 8. 0-0 e5 9. e4 Re8 10. Qc2 c5 11. Bg5 h6 12. Bh4 g5 13. Bg3 Nh5 14. f3 Nf8 15. Bf2 b6 16. a4 Ng6 17. a5 Bd7 18. Rab1 Nhf4 19. Nxf4 Nxf4 20. axb6 axb6 21. Be3 Ba4 22. Qd2 Nxd3 23. Qxd3 Qc7 24. Rb2 Reb8 25. Rfb1 Ra5 26. h4 f6 27. Kf2 Be8 28. d5 Qa7 29. hxg5 fxg5 30. Bd2 Ra4 31. g3 Rb7 32. f4 exf4 33. gxf4 g4 34. e5 dxe5 35. fxe5 h5 36. e6 Kg7 37. d6 Bg6 38. Qe3 Bxb1 39. Qe5+ Kg6 40. d7 Rb8 41. Qg5+ Kh7 42. Qxh5+ Kg7 43. Qf7+ Kh8 44. Bg5 g3+ 45. Kg1 1-0